<Das> russische Münzsystem <Ein> historisch-nunismatischer Abriss

Salvato in:
Dettagli Bibliografici
Autore principale: Spasski, Ivan Georg'jevič
Altri autori: Steguweit, Gisa
Natura: Libro
Lingua:tedesco
Pubblicazione: Berlin VEB Verlag für Verkehrswesen 1983
Edizione:1. Aufl.
Tags: Aggiungi Tag
Nessun Tag, puoi essere il primo ad aggiungerne!!

MARC

LEADER 00000nam a2200000 4500
001 c024523
005 20221220085630.8
041 0 |a ger 
044 |a DE 
245 1 0 |a <Das> russische Münzsystem  |b <Ein> historisch-nunismatischer Abriss  |c Ivan Georg'jevič Spasski ; [Z ruš. prel.] Gisa Steguweit 
250 |a 1. Aufl. 
264 1 |a Berlin  |b VEB Verlag für Verkehrswesen  |c 1983 
300 |a 248 s. 
100 1 |a Spasski, Ivan Georg'jevič 
700 1 |a Steguweit, Gisa